|
|
|
|
| LEADER |
00867cam a2200229 7i4500 |
| 001 |
0000066851 |
| 005 |
20220308090000.0 |
| 020 |
|
|
|a 9780128206768
|
| 090 |
0 |
0 |
|a Q335
|b .M37 2021
|
| 100 |
1 |
|
|a Marwala, Tshilidzi
|
| 245 |
1 |
0 |
|a Rational machines and artificial intelligence
|c Tshilidzi Marwala.
|
| 264 |
|
|
|a London, United Kingdom:
|b Academic Press,
|c 2021.
|
| 300 |
|
|
|a 1 online resource (xii, 257 pages):
|b illustrations, text file, PDF.
|
| 336 |
|
|
|a text
|2 rdacontent
|
| 337 |
|
|
|a computer
|2 rdamedia
|
| 338 |
|
|
|a online resource
|2 rdacarrier
|
| 650 |
0 |
0 |
|a Artificial intelligence
|
| 650 |
0 |
0 |
|a Decision making --
|x Data processing
|
| 655 |
0 |
0 |
|a Electronic books
|
| 856 |
4 |
2 |
|u http://library.unisel.edu.my/web/guest/mylibrary
|
| 997 |
|
|
|a Communication, Visual Art & Computing, Faculty
|b Computing, Department
|
| 999 |
|
|
|a EBO0011567
|b EBOOK
|c EBOOK
|e Electronic resources
|